000 02165cam a2200433 i 4500
001 18803685
003 OSt
005 20180117090007.0
008 151001s2015 enkab d 000 0 eng
010 _a 2014397317
020 _a9780194798792 (paperback/online/DVD pack)
020 _a0194798798 (paperback/online/DVD pack)
020 _a9780194799591 (DVD)
020 _a019479959X (DVD)
020 _a9780194798860 (paperback)
020 _a0194798860 (paperback)
040 _aDLC
_beng
_erda
_cDLC
_dDLC
042 _apcc
050 0 0 _aPE1628
_b.O86 2015
245 0 0 _aOxford Advanced Learner's Dictionary of Current English /
_cA.S. Hornby ; managing editors Margaret Deuter, Jennifer Bradbury, Joanna Turnbull ; editors Leonie Hey, Susanne Holloway ; Speaking Tutor Mark Hancock ; Phonetics Editor Michael Ashby.
246 1 3 _aOxford Advanced Learner's Dictionary
250 _aNinth 9th edition
300 _axii, 1820, WT30, ST10, V56, R31 :
_bcolor illustrations, color maps ;
_c24 cm +
_e1 DVD (12 cm.)
500 _a"with new iSpeaker, iWriter on DVD and online"--Cover.
500 _aIncludes Speaking Tutor. Writing Tutor and Language Banks, offering models, analysis and tips on communicating at work, in exams, or in daily life.
520 _aIncludes Speaking Tutor. Writing Tutor and Language Banks, offering models, analysis and tips on communicating at work, in exams, or in daily life.
538 _aSystem requirements: Windows 7, Windows 8. Macintosh OSX 10.4 - 10.10
650 0 _aEnglish language
_vDictionaries.
650 0 _aEnglish language
_xNew words
_vDictionaries.
700 1 _aHornby, Albert Sydney,
_ecreator.
700 1 _aDeuter, Margaret,
_eeditor.
700 1 _aTurnbull, Joanna,
_eeditor.
700 1 _aBradbury, Jennifer
_c(Managing editor)
_eeditor.
710 2 _aOxford University Press.
906 _a7
_bcbc
_corigres
_d2
_encip
_f20
_gy-gencatlg
942 _2ddc
_cBK
999 _c3473
_d3473